Cuentos de amistad / (Registro nro. 12710)

Detalles MARC
000 -LIDER
fixed length control field 01063nam a22003137a 4500
003 - IDENTIFICACDOR DE NÚMERO DE CONTROL
control field DO-SdBNP
005 - DATE AND TIME OF LATEST TRANSACTION
control field 20180215132900.0
008 - ELEMENTOS DE LONGITUD FIJA
fixed length control field 161031b 2005 xxu a 00| 0 spa d
020 ## - ISBN
International Standard Book Number 1412738318
020 ## - ISBN
International Standard Book Number 9781412738316
040 ## - FUENTE DE CATALOGACIÓN
Agencia que crea de manera original el registro BPMSU
Idioma de catalogación spa
Agencia que realiza la transcripción BPMSU
082 #4 - NÚMERO DE CLASIFICACIÓN DECIMAL DE DEWEY
Item number D261c
100 1# - ASIENTO PRINCIPAL -- NOMBRE PERSONAL
Nombre personal Davis, Guy
245 10 - MENCIÓN DE TITULO
Título Cuentos de amistad /
Mención de responsabilidad Guy Davis ; ilustraciones Gil DiCicco; traducción Arlette de Alba
260 ## - PUBLICACIÓN, DISTRIBUCIÓN, ETC. (PIE DE IMPRENTA)
Lugar de publicación, distribución, etc Lincolnwood, Illinois, Estados Unidos :
Nombre del editor, distribuidor, etc. Publications Internacional,
Fecha de publicación, distribución, etc 2005.
300 ## - DESCRIPCIÓN FÍSICA
Extensión (36) p. :
Otros detalles físicos il. ;
Dimensiones 24 cm.
490 0# - MENCIÓN DE SERIES
Mención de serie Tesoro musical
500 ## - NOTA GENERAL
Nota general Libro de pasta dura.
500 ## - NOTA GENERAL
Nota general Basado en los cuentos de Winnie the Pooh de A. A. Milne y las ilustraciones de E. H. Shepard
500 ## - NOTA GENERAL
Nota general Libro de paginas de cartón.
700 12 - ASIENTO SECUNDARIO -- NOMBRE PERSONAL
Nombre personal DiCicco, Gil
Mención de responsabilidad il.
700 12 - ASIENTO SECUNDARIO -- NOMBRE PERSONAL
Nombre personal Álba, Arlette de
Mención de responsabilidad trad.
710 ## - ASIENTO SECUNDARIO -- NOMBRE CORPORATIVO
Nombre corporativo o de jurisdicción Artistas de libros de cuentos de Disney
830 #0 - ASIENTO SECUNDARIO DE SERIE--TÍTULO UNIFORME
Título uniforme Tesoro musical
910 ## - VALIDACIÓN
Validación 000144
942 ## - ADDED ENTRY ELEMENTS (KOHA)
Source of classification or shelving scheme Dewey Decimal Classification
Koha item type Libros
945 ## - INFORMACIÓN DE PROCESAMIENTO LOCAL
Información de procesamiento local Inventariado, 2018/MFF
956 ## - LOCAL ELECTRONIC LOCATION AND ACCESS (OCLC)
Método de acceso YLOCKWARD
Materiales especificados 10
Campo enlazado y núm. de secuencia BPMSU
Nombre de host Yngrid Lockward
Existencias
Withdrawn status Lost status Source of classification or shelving scheme Damaged status Not for loan Collection code Home library Current library Date acquired Source of acquisition Total Checkouts Barcode Date last seen Price effective from Koha item type
    Dewey Decimal Classification     Colección Infantil General Biblioteca Pública Metropolitana Salomé Ureña Biblioteca Pública Metropolitana Salomé Ureña 10/27/2017 Donado por la Biblioteca Infantil y Juvenil República Dominicana   BPMSU17100167 10/27/2017 10/27/2017 Libros